In oceans deep : courage, innovation and adventure beneath the waves
| Main Author: | |
|---|---|
| Format: | Book |
| Published: |
New York :
Little Brown and Company ,
2019
|
| Subjects: |
MARC
| LEADER | 00000cam a2200000 7i4500 | ||
|---|---|---|---|
| 001 | 0000279708 | ||
| 005 | 20210310153859.0 | ||
| 020 | |a 9780316551311 | ||
| 090 | 0 | 0 | |a 551.46 |b STR |
| 100 | 1 | |a Streever, Bill | |
| 245 | 1 | 0 | |a In oceans deep : |b courage, innovation and adventure beneath the waves |c Bill Streever |
| 260 | |a New York : |b Little Brown and Company , |c 2019 | ||
| 300 | |a 303p. ; |c 24cm. | ||
| 650 | 0 | |a Ocean | |
| 650 | 0 | |a Oceanography | |
| 999 | |a 00377739 |b BUKU |c PINJAMAN |e PERPUSTAKAAN KOMUNITI PETALING JAYA | ||